Statistics for German Cup Winners (DFB-Pokal)

Click here to take the quiz!

General Stats

  • This quiz has been taken 1,196 times
  • The average score is 15 of 24

Answer Stats

WinsTeam% Correct
15FC Bayern München
100%
3Borussia Dortmund
99%
5FC Schalke 04
94%
3Hamburger SV
91%
6Werder Bremen
90%
4Eintracht Frankfurt
85%
3VfB Stuttgart
84%
41. FC Köln
83%
3Borussia Mönchengladbach
82%
1Bayer 04 Leverkusen
79%
41. FC Nürnberg
76%
1VfB Leipzig
72%
21. FC Kaiserslautern
69%
1Hannover 96
67%
2TSV 1860 München
59%
2Fortuna Düsseldorf
57%
2Dresdner SC
56%
2Karlsruher SC
46%
1Bayer 05 Uerdingen
29%
1Kickers Offenbach
26%
1SK Rapid Wien
21%
1Rot-Weiss Essen
16%
1Schwarz-Weiß Essen
10%
1First Vienna FC 1894
7%

Score Distribution

Percentile by Number Answered

Percent of People with Each Score

Your Score History

You have not taken this quiz